000
00214 a2200097 4500
001
20061
100
_a
Hilliard F H
245
_a
Teaching the teachers
260
_a
_b
Allen & united Ltd
_c
090
_c
14655
_d
14655
942
_a
NUST-CAE
_c
M
_c
5175
999
_c
255134
_d
255134